| 000 | 00957cab a2200265 4500 | ||
|---|---|---|---|
| 001 | ABS50788 | ||
| 008 | 090401t1994 xxu||||| |||| 00| 0 eng d | ||
| 035 | _a(Sirsi) u46610 | ||
| 041 | _aeng | ||
| 100 | _aMorris, A. | ||
| 245 | _aConcessionary business | ||
| 260 | _c1994 | ||
| 350 | _a0 | ||
| 490 |
_aBuilding Economist _vJune 1994, 19(1) |
||
| 520 | _aExplores the situation where a concession, made by the contract administrator or engineer in a construction project, can turn out to be a variation warranting extra payment. This arose in "Shanks and McEwan (Contractors) v Strathclyde RC". | ||
| 650 | _aBUILT ENVIRONMENT-BUILDING CONTRACT FORMS | ||
| 650 | _aCLAIMS | ||
| 650 | _aCONCESSIONS | ||
| 650 | _aICE CONDITIONS OF CONTRACT (FIFTH EDITION) | ||
| 650 | _aSHANKS AND MCEWAN (CONTRACTORS) V STRATHCLYDE RC | ||
| 650 | _aVARIATIONS | ||
| 690 | _aBUILT ENVIRONMENT-BUILDING CONTRACT FORMS | ||
| 942 | _n0 | ||
| 948 | _c04/03/1997 | ||
| 999 |
_c29482 _d29482 |
||